Guess the Random Flags on a Wall - Statistics

General Stats
  • This quiz has been taken 43 times
  • The average score is 7 of 8
Answer Stats
Picture Answer % Correct
Iceland
100%
Ivory Coast
100%
Uruguay
100%
Uzbekistan
93%
Kiribati
89%
Lesotho
89%
Trinidad
89%
Togo
86%
No matching quizzes found
Score Distribution
Percent of People with Each Score
Percentile by Number Answered
Your Score History
You have not taken this quiz